Riadenie fakulty

Guardado en:
Detalles Bibliográficos
Autor principal: Greguš, Michal
Formato: Libro
Lenguaje:eslovaco
Publicado: Bratislava Ústav rozvoja vysokých škôl SSR 1986
Etiquetas: Agregar Etiqueta
Sin Etiquetas, Sea el primero en etiquetar este registro!

MARC

LEADER 00000nam a2200000 4500
001 c026403
005 20251111085851.6
041 0 |a slo 
044 |a SK 
245 1 0 |a Riadenie fakulty  |c Michal Greguš 
264 1 |a Bratislava  |b Ústav rozvoja vysokých škôl SSR  |c 1986 
300 |a 39 s. 
100 1 |a Greguš, Michal